| 000 | 00934nas a2200301 4500 | ||
|---|---|---|---|
| 001 | BR2014006813 | ||
| 003 | BR-BrBNA | ||
| 005 | 20231205124653.0 | ||
| 007 | ta | ||
| 008 | 230509b bl.|||p| |||| 00| 00por d | ||
| 040 |
_aBR-BrBNA _bpor _cBiblioteca Nacional de Agricultura |
||
| 041 | _a(Pt) | ||
| 072 | _aF02 | ||
| 100 | 1 | _aSalvador, T. de L. | |
| 100 | 1 | _aSalvador, T. de L. | |
| 100 | 1 | _aLemos, E.E.P. de | |
| 100 | 1 | _aBarros, P.G. | |
| 100 | 1 | _aCampos, R. da S. | |
| 245 | 1 | _aEnraizamento de estacas de pinheira (Annona squamosa L.)com ácido indolbutírico | |
| 650 | _aFRUTA DO CONDE | ||
| 650 | _aPROPAGAÇÃO VEGETATIVA | ||
| 650 | _aENRAIZAMENTO | ||
| 650 | _aÁCIDO INDOLBUTÍRICO | ||
| 650 | _aESTACA | ||
| 773 | 0 |
_tRevista Brasileira de Fruticultura (Brazil) _xISSN 0100-2945 _g(Feb 2014), v. 36(ed. esp.) p.310-314 _wBR2014006813 |
|
| 909 |
_a202311 _bLúcia _c55 _dLúcia Elande |
||
| 942 |
_2AGRIS _n0 _cANA |
||
| 999 |
_c240295 _d240295 |
||